{"text_format":"3","workbook":"xlsx","n_sheets":1,"sheets":["t302"],"read":"whole","date_system":"1900"}

{"sheet":"t302","index":0,"n_rows":217,"n_cols":7,"rows_kept":217,"merged":[[0,0,0,6],[30,0,30,5],[50,0,50,5],[158,0,158,5]]}
["TABELA 302.1 - Estatísticas Agrícolas, Município de Limeira, Estado de São Paulo, 2007/08."]
["ITEM","UNIDADE","N.DE UPAs","MÍNIMO","MÉDIO","MÁXIMO","TOTAL"]
["Distância à sede do município","km",{"v":1870,"d":"1,870"},0.5,{"v":13.22,"d":"13.2"},{"v":37,"d":"37.0"},"-"]
["Área total","hectare",{"v":1870,"d":"1,870"},0.2,{"v":23.55,"d":"23.6"},{"v":1162.4,"d":"1,162.4"},{"v":44035.7,"d":"44,035.7"}]
["Área com cultura perene","hectare",{"v":1340,"d":"1,340"},0.1,{"v":13.06,"d":"13.1"},305.6,{"v":17503.3,"d":"17,503.3"}]
["Área com cultura temporária","hectare",600,0.1,{"v":26.72,"d":"26.7"},872.3,{"v":16029,"d":"16,029.0"}]
["Área com pastagem","hectare",728,0.1,{"v":7.92,"d":"7.9"},220.9,{"v":5765,"d":"5,765.0"}]
["Área com reflorestamento","hectare",39,0.1,{"v":6.31,"d":"6.3"},128.2,{"v":246,"d":"246.0"}]
["Área com vegetação natural","hectare",492,0.1,{"v":3.57,"d":"3.6"},{"v":100,"d":"100.0"},{"v":1755.4,"d":"1,755.4"}]
["Área com vegetação de brejo e várzea","hectare",1,{"v":1,"d":"1.0"},{"v":1,"d":"1.0"},{"v":1,"d":"1.0"},{"v":1,"d":"1.0"}]
["Área em descanso","hectare",81,0.1,{"v":9.82,"d":"9.8"},157.4,795.8]
["Área complementar","hectare",{"v":1336,"d":"1,336"},0.1,{"v":1.45,"d":"1.5"},621.8,{"v":1940.2,"d":"1,940.2"}]
["Área das UPAs com (0, 1] ha","hectare",22,0.2,{"v":0.68,"d":"0.7"},{"v":1,"d":"1.0"},{"v":15,"d":"15.0"}]
["Área das UPAs com (1, 2] ha","hectare",69,1.1,{"v":1.64,"d":"1.6"},{"v":2,"d":"2.0"},112.9]
["Área das UPAs com (2, 5] ha","hectare",478,2.1,{"v":3.68,"d":"3.7"},{"v":5,"d":"5.0"},{"v":1758.2,"d":"1,758.2"}]
["Área das UPAs com (5, 10] ha","hectare",425,5.1,{"v":7.76,"d":"7.8"},{"v":10,"d":"10.0"},{"v":3299.1,"d":"3,299.1"}]
["Área das UPAs com (10, 20] ha","hectare",387,10.1,{"v":14.66,"d":"14.7"},{"v":20,"d":"20.0"},{"v":5674.5,"d":"5,674.5"}]
["Área das UPAs com (20, 50] ha","hectare",336,20.5,{"v":30.96,"d":"31.0"},{"v":50,"d":"50.0"},{"v":10403.7,"d":"10,403.7"}]
["Área das UPAs com (50, 100] ha","hectare",89,50.8,{"v":69.65,"d":"69.7"},96.8,{"v":6198.5,"d":"6,198.5"}]
["Área das UPAs com (100, 200] ha","hectare",34,100.8,{"v":133.24,"d":"133.2"},198.5,{"v":4530.1,"d":"4,530.1"}]
["Área das UPAs com (200, 500] ha","hectare",23,205.7,{"v":283.17,"d":"283.2"},431.2,{"v":6513,"d":"6,513.0"}]
["Área das UPAs com (500, 1.000] ha","hectare",5,500.6,{"v":655.86,"d":"655.9"},803.4,{"v":3279.3,"d":"3,279.3"}]
["Área das UPAs com (1.000, 2.000] ha","hectare",2,{"v":1089,"d":"1,089.0"},{"v":1125.7,"d":"1,125.7"},{"v":1162.4,"d":"1,162.4"},{"v":2251.4,"d":"2,251.4"}]
["Área das UPAs com (2.000, 5.000] ha","hectare","-","-","-","-","-"]
["Área das UPAs com (5.000, 10.000] ha","hectare","-","-","-","-","-"]
["Área das UPAs acima de 10.000 ha","hectare","-","-","-","-","-"]
["Familiares do proprietário que trabalham na UPA","unidade",{"v":1458,"d":"1,458"},{"v":1,"d":"1.0"},{"v":1.97,"d":"2.0"},{"v":12,"d":"12.0"},{"v":2866,"d":"2,866.0"}]
["Trabalhadores permanentes","unidade",630,{"v":1,"d":"1.0"},{"v":2.63,"d":"2.6"},{"v":114,"d":"114.0"},{"v":1655,"d":"1,655.0"}]
["Fonte: Secretaria de Agricultura e Abastecimento, CDRS/IEA, Projeto LUPA."]
[]
["TABELA 302.2 - Explorações Animais, Município de Limeira, Estado de São Paulo, 2007/08."]
["ITEM","UNIDADE","N.DE UPAs","MÍNIMO","MÉDIO","MÁXIMO","TOTAL"]
["Apicultura","colmeias",5,{"v":40,"d":"40.0"},{"v":288,"d":"288.0"},{"v":800,"d":"800.0"},{"v":1440,"d":"1,440.0"}]
["Asininos E Muares","cabeças",20,{"v":1,"d":"1.0"},2.8,{"v":15,"d":"15.0"},{"v":56,"d":"56.0"}]
["Avestruzes e Ema (Criadouro)","cabeças",1,{"v":6,"d":"6.0"},{"v":6,"d":"6.0"},{"v":6,"d":"6.0"},{"v":6,"d":"6.0"}]
["Avicultura de Corte","cabeças/ano",23,{"v":2000,"d":"2,000.0"},{"v":50304.35,"d":"50,304.4"},{"v":300000,"d":"300,000.0"},{"v":1157000,"d":"1,157,000.0"}]
["Avicultura Ornamental/Decorativa/Exótica","cabeças",1,{"v":6,"d":"6.0"},{"v":6,"d":"6.0"},{"v":6,"d":"6.0"},{"v":6,"d":"6.0"}]
["Avicultura para Ovos","cabeças",31,{"v":3,"d":"3.0"},{"v":2139.45,"d":"2,139.5"},{"v":35000,"d":"35,000.0"},{"v":66323,"d":"66,323.0"}]
["Bovinocultura de Corte","cabeças",100,{"v":1,"d":"1.0"},{"v":27.61,"d":"27.6"},{"v":326,"d":"326.0"},{"v":2761,"d":"2,761.0"}]
["Bovinocultura Leiteira","cabeças",26,{"v":1,"d":"1.0"},{"v":9.15,"d":"9.2"},{"v":50,"d":"50.0"},{"v":238,"d":"238.0"}]
["Bovinocultura Mista","cabeças",419,{"v":1,"d":"1.0"},{"v":16.02,"d":"16.0"},{"v":200,"d":"200.0"},{"v":6714,"d":"6,714.0"}]
["Caprinocultura","cabeças",8,{"v":6,"d":"6.0"},31.5,{"v":80,"d":"80.0"},{"v":252,"d":"252.0"}]
["Equinocultura","cabeças",166,{"v":1,"d":"1.0"},{"v":4.34,"d":"4.3"},{"v":60,"d":"60.0"},{"v":721,"d":"721.0"}]
["Minhocultura","canteiros",1,{"v":20,"d":"20.0"},{"v":20,"d":"20.0"},{"v":20,"d":"20.0"},{"v":20,"d":"20.0"}]
["Outra Exploração Animal","cabeças",3,{"v":5,"d":"5.0"},{"v":35,"d":"35.0"},{"v":60,"d":"60.0"},{"v":105,"d":"105.0"}]
["Ovinocultura","cabeças",6,{"v":2,"d":"2.0"},{"v":49.17,"d":"49.2"},{"v":150,"d":"150.0"},{"v":295,"d":"295.0"}]
["Piscicultura","m² tanques",6,{"v":5,"d":"5.0"},{"v":2016.83,"d":"2,016.8"},{"v":12000,"d":"12,000.0"},{"v":12101,"d":"12,101.0"}]
["Suinocultura","cabeças",37,{"v":1,"d":"1.0"},{"v":118.41,"d":"118.4"},{"v":1080,"d":"1,080.0"},{"v":4381,"d":"4,381.0"}]
["Fonte: Secretaria de Agricultura e Abastecimento, CDRS/IEA, Projeto LUPA."]
[]
["TABELA 302.3 -  Máquinas, Implementos e Benfeitorias, Município de Limeira, Estado de São Paulo, 2007/08."]
["ITEM","UNIDADE","N.DE UPAs","MÍNIMO","MÉDIO","MÁXIMO","TOTAL"]
["Arado Comum (Bacia, Aiveca)","Unidade",338,{"v":1,"d":"1.0"},{"v":1.09,"d":"1.1"},{"v":10,"d":"10.0"},{"v":367,"d":"367.0"}]
["Arado Escarificador","Unidade",280,{"v":1,"d":"1.0"},{"v":1.81,"d":"1.8"},{"v":9,"d":"9.0"},{"v":507,"d":"507.0"}]
["Arado Subsolador","Unidade",33,{"v":1,"d":"1.0"},{"v":1.09,"d":"1.1"},{"v":2,"d":"2.0"},{"v":36,"d":"36.0"}]
["Batedeira de Cereais","Unidade",17,{"v":1,"d":"1.0"},{"v":1.06,"d":"1.1"},{"v":2,"d":"2.0"},{"v":18,"d":"18.0"}]
["Carregadeira de Cana","Unidade",2,{"v":1,"d":"1.0"},{"v":2,"d":"2.0"},{"v":3,"d":"3.0"},{"v":4,"d":"4.0"}]
["Colhedeira Acoplada","Unidade",1,{"v":1,"d":"1.0"},{"v":1,"d":"1.0"},{"v":1,"d":"1.0"},{"v":1,"d":"1.0"}]
["Colhedeira Automotriz","Unidade",3,{"v":1,"d":"1.0"},{"v":1,"d":"1.0"},{"v":1,"d":"1.0"},{"v":3,"d":"3.0"}]
["Conj.Irrigação Autopropelido","Unidade",18,{"v":1,"d":"1.0"},{"v":1.78,"d":"1.8"},{"v":14,"d":"14.0"},{"v":32,"d":"32.0"}]
["Conj.Irrigação Convencional","Unidade",116,{"v":1,"d":"1.0"},{"v":1.02,"d":"1.0"},{"v":2,"d":"2.0"},{"v":118,"d":"118.0"}]
["Conj.Irrigação Pivot Central","Unidade",4,{"v":1,"d":"1.0"},{"v":1,"d":"1.0"},{"v":1,"d":"1.0"},{"v":4,"d":"4.0"}]
["Conj.Irrigação/Gotejamento/Microaspersão","Unidade",26,{"v":1,"d":"1.0"},{"v":1.08,"d":"1.1"},{"v":2,"d":"2.0"},{"v":28,"d":"28.0"}]
["Conjunto de Fenação","Unidade",5,{"v":1,"d":"1.0"},{"v":1,"d":"1.0"},{"v":1,"d":"1.0"},{"v":5,"d":"5.0"}]
["Desintegrador de Palha (Plantio Direto)","Unidade",1,{"v":1,"d":"1.0"},{"v":1,"d":"1.0"},{"v":1,"d":"1.0"},{"v":1,"d":"1.0"}]
["Desintegrador, Picador, Triturador","Unidade",244,{"v":1,"d":"1.0"},{"v":1.11,"d":"1.1"},{"v":4,"d":"4.0"},{"v":270,"d":"270.0"}]
["Distribuidor de Calcário","Unidade",115,{"v":1,"d":"1.0"},{"v":1.07,"d":"1.1"},{"v":2,"d":"2.0"},{"v":123,"d":"123.0"}]
["Ensiladeira","Unidade",8,{"v":1,"d":"1.0"},{"v":1,"d":"1.0"},{"v":1,"d":"1.0"},{"v":8,"d":"8.0"}]
["Grade Aradora (Tipo Romi)","Unidade",93,{"v":1,"d":"1.0"},{"v":1.09,"d":"1.1"},{"v":3,"d":"3.0"},{"v":101,"d":"101.0"}]
["Grade Niveladora","Unidade",283,{"v":1,"d":"1.0"},{"v":1.11,"d":"1.1"},{"v":5,"d":"5.0"},{"v":314,"d":"314.0"}]
["Implementos para Tração Animal","Unidade",4,{"v":1,"d":"1.0"},{"v":1,"d":"1.0"},{"v":1,"d":"1.0"},{"v":4,"d":"4.0"}]
["Microtrator","Unidade",3,{"v":1,"d":"1.0"},{"v":1,"d":"1.0"},{"v":1,"d":"1.0"},{"v":3,"d":"3.0"}]
["Misturador de Ração","Unidade",6,{"v":1,"d":"1.0"},{"v":1.33,"d":"1.3"},{"v":3,"d":"3.0"},{"v":8,"d":"8.0"}]
["Ordenhadeira Mecânica","Unidade",6,{"v":1,"d":"1.0"},{"v":1,"d":"1.0"},{"v":1,"d":"1.0"},{"v":6,"d":"6.0"}]
["Pulverizador Tratorizado","Unidade",724,{"v":1,"d":"1.0"},{"v":1.19,"d":"1.2"},{"v":6,"d":"6.0"},{"v":861,"d":"861.0"}]
["Resfriador de Leite, Tanque Expansão","Unidade",8,{"v":1,"d":"1.0"},{"v":1,"d":"1.0"},{"v":1,"d":"1.0"},{"v":8,"d":"8.0"}]
["Semeadeira/Adubadeira para Plantio Convencional","Unidade",48,{"v":1,"d":"1.0"},{"v":1.04,"d":"1.0"},{"v":2,"d":"2.0"},{"v":50,"d":"50.0"}]
["Semeadeira/Plantadeira Plantio Direto","Unidade",74,{"v":1,"d":"1.0"},{"v":1.04,"d":"1.0"},{"v":2,"d":"2.0"},{"v":77,"d":"77.0"}]
["Terraceador","Unidade",13,{"v":1,"d":"1.0"},{"v":1,"d":"1.0"},{"v":1,"d":"1.0"},{"v":13,"d":"13.0"}]
["Trator de Esteiras","Unidade",6,{"v":1,"d":"1.0"},1.5,{"v":3,"d":"3.0"},{"v":9,"d":"9.0"}]
["Trator de Pneus","Unidade",946,{"v":1,"d":"1.0"},{"v":1.51,"d":"1.5"},{"v":25,"d":"25.0"},{"v":1433,"d":"1,433.0"}]
["Açude/Represa","Unidade",250,{"v":1,"d":"1.0"},{"v":1.28,"d":"1.3"},{"v":7,"d":"7.0"},{"v":321,"d":"321.0"}]
["Almoxarifado/Oficina","Unidade",22,{"v":1,"d":"1.0"},{"v":1.14,"d":"1.1"},{"v":2,"d":"2.0"},{"v":25,"d":"25.0"}]
["Armazém para Grãos Ensacados","Sacas",8,{"v":1,"d":"1.0"},{"v":1.25,"d":"1.3"},{"v":2,"d":"2.0"},{"v":10,"d":"10.0"}]
["Balança para Bovinos","Unidade",1,{"v":2,"d":"2.0"},{"v":2,"d":"2.0"},{"v":2,"d":"2.0"},{"v":2,"d":"2.0"}]
["Balança para Veículos","Unidade",18,{"v":1,"d":"1.0"},{"v":1.28,"d":"1.3"},{"v":3,"d":"3.0"},{"v":23,"d":"23.0"}]
["Barracão para Granja/Avicultura","Unidade",94,{"v":1,"d":"1.0"},1.8,{"v":45,"d":"45.0"},{"v":169,"d":"169.0"}]
["Barracão/Galpão/Garagem","Unidade",967,{"v":1,"d":"1.0"},{"v":1.35,"d":"1.4"},{"v":10,"d":"10.0"},{"v":1308,"d":"1,308.0"}]
["Biodigestor","Unidade",1,{"v":3,"d":"3.0"},{"v":3,"d":"3.0"},{"v":3,"d":"3.0"},{"v":3,"d":"3.0"}]
["Casa de Moradia Habitada","Unidade",{"v":1054,"d":"1,054"},{"v":1,"d":"1.0"},{"v":1.91,"d":"1.9"},{"v":30,"d":"30.0"},{"v":2014,"d":"2,014.0"}]
["Casa de Moradia Total","Unidade",{"v":1088,"d":"1,088"},{"v":1,"d":"1.0"},{"v":2.11,"d":"2.1"},{"v":40,"d":"40.0"},{"v":2296,"d":"2,296.0"}]
["Curral/Mangueira","Unidade",315,{"v":1,"d":"1.0"},{"v":1.05,"d":"1.1"},{"v":3,"d":"3.0"},{"v":332,"d":"332.0"}]
["Depósito/Tulha","Unidade",475,{"v":1,"d":"1.0"},{"v":1.07,"d":"1.1"},{"v":3,"d":"3.0"},{"v":507,"d":"507.0"}]
["Engenho","Unidade",2,{"v":1,"d":"1.0"},2.5,{"v":4,"d":"4.0"},{"v":5,"d":"5.0"}]
["Estábulo","Unidade",19,{"v":1,"d":"1.0"},{"v":1.42,"d":"1.4"},{"v":8,"d":"8.0"},{"v":27,"d":"27.0"}]
["Estufa/Plasticultura","m²",37,{"v":1,"d":"1.0"},{"v":1321.57,"d":"1,321.6"},{"v":6000,"d":"6,000.0"},{"v":48898,"d":"48,898.0"}]
["Fábrica de Ração","Unidade",4,{"v":1,"d":"1.0"},{"v":1,"d":"1.0"},{"v":1,"d":"1.0"},{"v":4,"d":"4.0"}]
["Instalações para Equinos","Unidade",9,{"v":1,"d":"1.0"},{"v":12.44,"d":"12.4"},{"v":24,"d":"24.0"},{"v":112,"d":"112.0"}]
["Máquina de Benefício","Unidade",2,{"v":1,"d":"1.0"},{"v":1,"d":"1.0"},{"v":1,"d":"1.0"},{"v":2,"d":"2.0"}]
["Packing House","Unidade",4,{"v":1,"d":"1.0"},{"v":1,"d":"1.0"},{"v":1,"d":"1.0"},{"v":4,"d":"4.0"}]
["Pocilga","Unidade",49,{"v":1,"d":"1.0"},{"v":2.02,"d":"2.0"},{"v":20,"d":"20.0"},{"v":99,"d":"99.0"}]
["Poço Semi-Artesiano","Unidade",257,{"v":1,"d":"1.0"},{"v":1.26,"d":"1.3"},{"v":4,"d":"4.0"},{"v":325,"d":"325.0"}]
["Posto Meteorológico","Unidade",41,{"v":1,"d":"1.0"},{"v":1.12,"d":"1.1"},{"v":2,"d":"2.0"},{"v":46,"d":"46.0"}]
["Silo para Grãos","t",3,{"v":1,"d":"1.0"},{"v":1001,"d":"1,001.0"},{"v":3000,"d":"3,000.0"},{"v":3003,"d":"3,003.0"}]
["Silo para Silagem","t",1,{"v":3,"d":"3.0"},{"v":3,"d":"3.0"},{"v":3,"d":"3.0"},{"v":3,"d":"3.0"}]
["Terreiro","m²",17,{"v":1,"d":"1.0"},{"v":91.47,"d":"91.5"},{"v":1000,"d":"1,000.0"},{"v":1555,"d":"1,555.0"}]
["Usina de Açúcar/destilaria","Unidade",2,{"v":1,"d":"1.0"},{"v":1,"d":"1.0"},{"v":1,"d":"1.0"},{"v":2,"d":"2.0"}]
["Fonte: Secretaria de Agricultura e Abastecimento, CDRS/IEA, Projeto LUPA."]
[]
["TABELA 302.4 - Outras Estatísticas Agrícolas, Município de Limeira, Estado de São Paulo, 2007/08."]
["ITEM","Número de UPAs",null,"Percentual"]
["Faz Parte de Associação de Produtores",197,null,{"v":10.53475935828877,"d":"10.5"}]
["Faz Parte de Cooperativa de Produtores",754,null,{"v":40.32085561497326,"d":"40.3"}]
["Faz Parte do Sindicato de Produtores",806,null,{"v":43.101604278074866,"d":"43.1"}]
["Não utiliza assistência técnica ",622,null,{"v":33.2620320855615,"d":"33.3"}]
["Utiliza somente assistência técnica governamental ",603,null,{"v":32.24598930481283,"d":"32.2"}]
["Utiliza somente assistência técnica privada ",561,null,{"v":30,"d":"30.0"}]
["Utiliza assistência técnica tanto governamental quanto privada",84,null,{"v":4.491978609625669,"d":"4.5"}]
["Utiliza Crédito Rural",174,null,{"v":9.304812834224599,"d":"9.3"}]
["Utiliza Seguro Rural",12,null,{"v":0.6417112299465241,"d":"0.6"}]
["Utiliza Escrituração Agrícola",453,null,{"v":24.224598930481285,"d":"24.2"}]
["Acessa Internet p/ Fins na Agropecuária",15,null,{"v":0.8021390374331551,"d":"0.8"}]
["Utiliza Computador nas Atividades Agropecuárias",73,null,{"v":3.9037433155080214,"d":"3.9"}]
["Utiliza Energia Elétrica Para Uso na Atividade Agrícola",{"v":1178,"d":"1,178"},null,{"v":62.99465240641711,"d":"63.0"}]
["Realiza Análise de Solo, quando necessário",190,null,{"v":10.16042780748663,"d":"10.2"}]
["Utiliza Práticas de Conservação de Solo, quando necessário",{"v":1200,"d":"1,200"},null,{"v":64.1711229946524,"d":"64.2"}]
["Faz Adubação Mineral, quando necessário",845,null,{"v":45.18716577540107,"d":"45.2"}]
["Faz Adubação Orgânica, quando necessário",599,null,{"v":32.032085561497325,"d":"32.0"}]
["Faz Adubação Verde, quando necessário",107,null,{"v":5.721925133689839,"d":"5.7"}]
["Utiliza Manejo Integrado de Pragas (MIP)",9,null,{"v":0.4812834224598931,"d":"0.5"}]
["Utiliza Hidroponia",2,null,{"v":0.10695187165775401,"d":"0.1"}]
["Utiliza Plasticultura",36,null,{"v":1.9251336898395723,"d":"1.9"}]
["Utiliza Mudas Fiscalizadas",400,null,{"v":21.390374331550802,"d":"21.4"}]
["Utiliza Semente Melhorada",303,null,{"v":16.203208556149733,"d":"16.2"}]
["Faz Confinamento de Bovinos",49,null,{"v":2.6203208556149735,"d":"2.6"}]
["Utiliza Pastejo Intensivo",146,null,{"v":7.807486631016043,"d":"7.8"}]
["Faz Inseminação Artificial",3,null,{"v":0.16042780748663102,"d":"0.2"}]
["Faz Mineralização do Rebanho",464,null,{"v":24.812834224598927,"d":"24.8"}]
["Faz Vermifugação do Rebanho",463,null,{"v":24.759358288770056,"d":"24.8"}]
["Possui Parceiros /Arrendatários na Exploração Animal",135,null,{"v":7.219251336898396,"d":"7.2"}]
["Esporte e lazer",6,null,{"v":0.32085561497326204,"d":"0.3"}]
["Extração mineral","-",null,"-"]
["Hotel Fazenda, Pousada ou SPA","-",null,"-"]
["Pesque-pague",3,null,{"v":0.16042780748663102,"d":"0.2"}]
["Restaurante ou Lanchonete",2,null,{"v":0.10695187165775401,"d":"0.1"}]
["Transformação artesanal","-",null,"-"]
["Turismo rural ou ecoturismo",2,null,{"v":0.10695187165775401,"d":"0.1"}]
["Outras atividades econômicas rurais",2,null,{"v":0.10695187165775401,"d":"0.1"}]
["Agroindústria",1,null,{"v":0.053475935828877004,"d":"0.1"}]
["Proprietário sem instrução ou com instrução incompleta",156,null,{"v":8.342245989304812,"d":"8.3"}]
["Proprietário com antigo primário completo",864,null,{"v":46.20320855614973,"d":"46.2"}]
["Proprietário com 1° grau (ou antigo ginasial) completo",480,null,{"v":25.668449197860962,"d":"25.7"}]
["Proprietário com 2° grau (ou antigo colegial) completo",148,null,{"v":7.914438502673797,"d":"7.9"}]
["Proprietário com curso superior completo ",185,null,{"v":9.893048128342246,"d":"9.9"}]
["Pessoa Jurídica",37,null,{"v":1.9786096256684493,"d":"2.0"}]
["Proprietário residente na própria UPA ",545,null,{"v":29.144385026737968,"d":"29.1"}]
["Fonte: Secretaria de Agricultura e Abastecimento, CDRS/IEA, Projeto LUPA."]
[]
["TABELA 302.5 - Área Cultivada, Município de Limeira, Estado de São Paulo, 2007/08."]
["CULTURA","N.DE UPAs","MÍNIMO","MÉDIO","MÁXIMO","TOTAL"]
["Laranja",{"v":1219,"d":"1,219"},0.1,{"v":12.97,"d":"13.0"},271.5,{"v":15810,"d":"15,810.0"}]
["Cana-de-acucar",186,0.7,{"v":70.75,"d":"70.8"},872.3,{"v":13159.6,"d":"13,159.6"}]
["Braquiaria",550,0.1,{"v":7.77,"d":"7.8"},220.9,{"v":4273.2,"d":"4,273.2"}]
["Milho",304,0.2,{"v":6.65,"d":"6.7"},112.6,{"v":2022.2,"d":"2,022.2"}]
["Outras gramineas para pastagem",119,0.1,{"v":7.83,"d":"7.8"},99.7,932.2]
["Tangerina",132,0.2,{"v":6.14,"d":"6.1"},48.6,{"v":811,"d":"811.0"}]
["Gramas",60,0.1,{"v":5.67,"d":"5.7"},52.6,339.9]
["Manga",76,0.4,{"v":3.64,"d":"3.6"},24.1,{"v":277,"d":"277.0"}]
["Eucalipto",38,0.1,{"v":6.42,"d":"6.4"},128.2,{"v":244,"d":"244.0"}]
["Mandioca",59,0.4,{"v":4.01,"d":"4.0"},13.5,236.4]
["Outras leguminosas para pastagem",1,{"v":200,"d":"200.0"},{"v":200,"d":"200.0"},{"v":200,"d":"200.0"},{"v":200,"d":"200.0"}]
["Soja",2,{"v":67,"d":"67.0"},89.5,{"v":112,"d":"112.0"},{"v":179,"d":"179.0"}]
["Outros viveiros",29,0.1,5.3,47.3,153.8]
["Limao",31,0.3,{"v":3.59,"d":"3.6"},24.6,111.3]
["Outras culturas temporárias",3,3.6,{"v":37,"d":"37.0"},101.4,{"v":111,"d":"111.0"}]
["Viveiro de flores e ornamentais",29,0.1,{"v":3.15,"d":"3.2"},9.6,91.3]
["Cafe",4,{"v":1,"d":"1.0"},{"v":20.38,"d":"20.4"},{"v":63,"d":"63.0"},81.5]
["Lichia",8,1.2,{"v":8.93,"d":"8.9"},19.4,71.4]
["Banana",7,0.6,{"v":6.49,"d":"6.5"},{"v":18,"d":"18.0"},45.4]
["Outras olericolas",17,0.6,{"v":2.31,"d":"2.3"},4.8,39.2]
["Viveiro de citros",21,0.5,{"v":1.85,"d":"1.9"},{"v":6,"d":"6.0"},38.9]
["Viveiro de frutiferas em geral",15,0.6,{"v":2.42,"d":"2.4"},7.5,36.3]
["Feijao",6,0.6,{"v":5.78,"d":"5.8"},22.6,34.7]
["Macadamia (ou noz-macadamia)",3,3.2,{"v":10.07,"d":"10.1"},{"v":15,"d":"15.0"},30.2]
["Abacate",11,0.1,{"v":2.16,"d":"2.2"},{"v":7,"d":"7.0"},23.8]
["Lima",2,3.2,11.5,19.8,{"v":23,"d":"23.0"}]
["Capim-napier (ou capim-elefante)",7,{"v":1,"d":"1.0"},{"v":2.81,"d":"2.8"},{"v":5,"d":"5.0"},19.7]
["Alface",7,0.3,2.6,6.2,18.2]
["Caqui",4,{"v":1,"d":"1.0"},3.4,8.2,13.6]
["Maca",1,11.4,11.4,11.4,11.4]
["Arroz",5,0.6,1.9,2.4,9.5]
["Maracuja",4,1.2,2.1,2.5,8.4]
["Abobora (ou jerimum)",2,{"v":1,"d":"1.0"},{"v":4.15,"d":"4.2"},7.3,8.3]
["Jilo",1,{"v":8,"d":"8.0"},{"v":8,"d":"8.0"},{"v":8,"d":"8.0"},{"v":8,"d":"8.0"}]
["Kinkan",1,{"v":8,"d":"8.0"},{"v":8,"d":"8.0"},{"v":8,"d":"8.0"},{"v":8,"d":"8.0"}]
["Milho-pipoca",1,7.2,7.2,7.2,7.2]
["Urucum (ou urucu)",1,6.6,6.6,6.6,6.6]
["Floricultura para corte",1,6.2,6.2,6.2,6.2]
["Tangor",2,2.2,{"v":2.75,"d":"2.8"},3.3,5.5]
["Pessego",2,{"v":2,"d":"2.0"},{"v":2.65,"d":"2.7"},3.3,5.3]
["Pomar domestico",3,1.1,{"v":1.57,"d":"1.6"},{"v":2,"d":"2.0"},4.7]
["Seringueira",1,4.6,4.6,4.6,4.6]
["Goiaba",1,{"v":4,"d":"4.0"},{"v":4,"d":"4.0"},{"v":4,"d":"4.0"},{"v":4,"d":"4.0"}]
["Berinjela",2,{"v":1,"d":"1.0"},1.3,1.6,2.6]
["Figo-da-india",1,2.5,2.5,2.5,2.5]
["Sorgo",1,2.4,2.4,2.4,2.4]
["Viveiro de florestais",1,{"v":2,"d":"2.0"},{"v":2,"d":"2.0"},{"v":2,"d":"2.0"},{"v":2,"d":"2.0"}]
["Toranja",1,{"v":2,"d":"2.0"},{"v":2,"d":"2.0"},{"v":2,"d":"2.0"},{"v":2,"d":"2.0"}]
["Floricultura para vaso",1,{"v":2,"d":"2.0"},{"v":2,"d":"2.0"},{"v":2,"d":"2.0"},{"v":2,"d":"2.0"}]
["Acerola (ou cereja-das-antilhas)",1,{"v":2,"d":"2.0"},{"v":2,"d":"2.0"},{"v":2,"d":"2.0"},{"v":2,"d":"2.0"}]
["Uva rustica",1,1.9,1.9,1.9,1.9]
["Quiabo",3,0.3,{"v":0.53,"d":"0.5"},0.8,1.6]
["Horta domestica",1,1.5,1.5,1.5,1.5]
["Repolho",1,{"v":1,"d":"1.0"},{"v":1,"d":"1.0"},{"v":1,"d":"1.0"},{"v":1,"d":"1.0"}]
["Tangelo",1,{"v":1,"d":"1.0"},{"v":1,"d":"1.0"},{"v":1,"d":"1.0"},{"v":1,"d":"1.0"}]
["Chuchu",1,0.8,0.8,0.8,0.8]
["Fonte: Secretaria de Agricultura e Abastecimento, CDRS/IEA, Projeto LUPA."]